[Event "9th Beirut Open 2017"]
[Site "Beirut"]
[Date "2017.10.04"]
[Round "6"]
[White "Ghannam, Kotayba"]
[Black "Ibrahim, Hatim"]
[Result "1/2-1/2"]
[WhiteElo "2022"]
[BlackElo "2331"]
[Annotator "TA"]
[PlyCount "83"]
[EventDate "2017.??.??"]
[EventCountry "LBN"]
[SourceTitle "playchess.com"]
[Source "ChessBase"]
[SourceQuality "1"]

{[%evp 21,83,0,0,-8,-5,-6,2,0,0,-8,0,0,0,0,0,0,0,0,0,0,0,0,0,0,0,-8,0,0,0,0,0,0,0,0,20,7,5,0,10,0,0,0,8,8,97,87,86,85,97,97,136,77,75,29,38,0,24,20,49,11,12,0,72,0]} 1. e4 c5 2. Nf3 e6 3. d4 cxd4 4. Nxd4 Nc6 5. Nc3 a6 6. Be3 Nf6 7. Nxc6 bxc6 {B46: Sicilian: Taimanov: 5 Nc3 a6} 8. e5 (8. Bd3 d5 9. e5 Nd7 10. f4 c5 11. Bf2 g5 12. Qh5 gxf4 13. O-O Bg7 14. Rae1 c4 15. Nxd5 cxd3 {0-1 (50) Hammer,J (2677)-Giri,A (2773) Stavanger 2015}) 8... Nd5 9. Nxd5 cxd5 10. Bd3 Qc7 11. Bd4 Bc5 {LiveBook: 4 Games} 12. Bxc5 Qxc5 13. O-O $146 ({Predecessor:} 13. Qg4 O-O 14. O-O a5 15. Rae1 {½-½ (43) Matsuura,E (2453)-Leitao,R (2586) Sao Paulo 2005}) 13... O-O 14. Qh5 {[%csl Gd3][%cal Rh5h7] [#]} g6 15. Qg5 d6 16. Qe7 Ra7 17. Qxd6 Qxd6 18. exd6 Rd8 19. c4 dxc4 20. Bxc4 Rxd6 21. Rfd1 Rad7 22. Rxd6 Rxd6 $11 {[%mdl 4096] Endgame KRB-KRB} 23. h3 Rd2 24. b4 Kf8 25. b5 axb5 26. Bxb5 Ke7 27. a4 Bd7 28. Bxd7 Rxd7 {KR-KR} 29. Kh2 e5 30. Re1 Ke6 31. f4 f6 (31... Kf5 {seems wilder.} 32. fxe5 Ra7 33. g4+ Kf4 34. Ra1 Ra5) 32. fxe5 fxe5 (32... f5 $1 $11 {remains equal.}) 33. Ra1 Ra7 {[#]} 34. a5 $1 Ra6 35. Kg3 Kd5 36. Kf3 Kd4 37. Rd1+ Kc4 38. Ra1 Kd3 39. Ra3+ Kd4 40. Ra4+ Kd3 41. Ra3+ ({White should play} 41. g4 $11) 41... Kd4 $16 42. Ra4+ {Precision: White = 62%, Black = 55%.} (42. g4 $16) 1/2-1/2

[Event "9th Beirut Open 2017"]
[Site "Beirut"]
[Date "2017.10.04"]
[Round "6"]
[White "Khechen, Nabil E"]
[Black "Kaloust, Giorgio"]
[Result "0-1"]
[WhiteElo "1956"]
[BlackElo "1764"]
[Annotator "NA"]
[PlyCount "105"]
[EventDate "2017.??.??"]
[EventCountry "LBN"]
[SourceTitle "playchess.com"]
[Source "ChessBase"]
[SourceQuality "1"]
[TimeControl "5400+30"]

1. e4 c5 2. d4 cxd4 3. c3 dxc3 4. Nxc3 g6 5. Bc4 Bg7 6. Qb3 e6 7. Nb5 a6 8. Nd6+ Kf8 9. Qf3 f6 10. Bd2 Nc6 11. Bc3 Qe7 12. Rd1 b5 13. Be2 b4 14. Nxc8 Rxc8 15. Bxa6 Ra8 16. Bb7 Rxa2 17. Bd2 Rxb2 18. Bf4 e5 19. Be3 b3 20. Ne2 Qb4+ 21. Bd2 Rxd2 22. Rxd2 b2 23. Nc3 Qxc3 24. Qxc3 b1=Q+ 25. Rd1 Qxb7 26. O-O Nge7 27. Rb1 Qc8 28. Rfc1 Bh6 29. Rd1 Kg7 30. Qc5 Re8 31. Rd6 Rd8 32. Qb6 Qb8 33. Qxb8 Rxb8 34. Rbd1 Rd8 35. g3 Kf7 36. Kg2 Bg7 37. Rxd7 Rxd7 38. Rxd7 Ke6 39. Rb7 f5 40. f3 Bf6 41. h3 h5 42. Kf2 f4 43. g4 Nd4 44. Ra7 hxg4 45. hxg4 Nec6 46. Rh7 Nb4 47. Kg2 Nbc2 48. Kf2 Ne3 49. Rh1 Nc4 50. Rh6 Kf7 51. Rh3 Nd2 52. Rh7+ Bg7 53. Rh3 0-1

[Event "9th Beirut Open 2017"]
[Site "Beirut"]
[Date "2017.10.04"]
[Round "6"]
[White "Altorky, Amer"]
[Black "Khairallah, Faisal"]
[Result "0-1"]
[WhiteElo "1940"]
[BlackElo "2274"]
[Annotator "TA"]
[PlyCount "91"]
[EventDate "2017.??.??"]
[EventCountry "LBN"]
[SourceTitle "playchess.com"]
[Source "ChessBase"]
[SourceQuality "1"]

{[%evp 23,91,24,35,0,0,-1,43,-98,-120,-118,-113,-201,-197,-201,-192,-208,-191,-182,-192,-223,-207,-215,-214,-213,-208,-230,0,-189,-19,-10,13,0,0,0,11,0,0,0,8,0,0,0,0,-178,-97,-255,-20,-18,0,-19,-33,-158,-131,-152,-147,-972,-976,-935,31,33,19,28,48,43,117,-29993,0,0,4,10]} 1. e4 c5 2. Nc3 Nc6 3. g3 g6 4. Bg2 Bg7 5. d3 d6 6. f4 Nf6 7. Nf3 O-O 8. O-O Rb8 9. h3 b5 10. g4 b4 11. Ne2 c4 12. Be3 {B25: Closed Sicilian: 3 g3, lines without early Be3} Ba6 {LiveBook: 16 Games} 13. Nfd4 (13. Rf2 Qa5 14. Ng3 cxd3 15. cxd3 h5 16. g5 Nd7 17. d4 b3 18. axb3 Qb6 19. f5 d5 {1-0 (39) Gasanov,E (2484)-Almasi,I (2398) Zalakaros 2017}) 13... Na5 $146 ({Predecessor:} 13... Nxd4 14. Bxd4 Qc7 15. g5 Nd7 16. Bxg7 Kxg7 17. Qd2 Rfc8 18. Rfc1 {0-1 (43) Ogashawara,G (1790)-Sztokbant,B (2059) Sao Jose do Rio Preto 2012}) 14. Nf3 Qc7 (14... Nd7 {seems wilder.} 15. d4 Nf6 16. Ne1 d5 17. e5 Ne4) 15. b3 (15. Rc1 $14 {stays ahead.}) 15... cxd3 $17 16. cxd3 {[#]} Nxe4 $1 {[%mdl 512]} 17. dxe4 (17. Rc1 $17 Nc3 18. Qd2) 17... Bxa1 $19 18. Qxa1 {Hoping for Re1.} Bxe2 19. Rc1 Qd7 20. Nd4 Ba6 21. f5 e5 22. fxe6 fxe6 23. Bh6 Rf7 24. Nf3 {intending Ng5.} Re8 $2 ({Black should play} 24... e5 $19 25. Rd1 Qb5) 25. Rd1 $2 (25. Ng5 $11 {and White is okay.}) 25... Nc6 $2 (25... e5 $19 26. Qb2 Nb7) 26. Ng5 $11 Ref8 {[%cal Be8f8,Bf8f7,Bf7f2,Bf2c2][%mdl 32]} 27. Nxf7 Rxf7 28. Qb2 e5 29. Qd2 Nd4 30. Qxb4 Qc7 $132 {[%mdl 2048] Black puts up resistance} 31. Kh2 Rf2 32. Rc1 Qb6 $1 {[%cal Rb6b4]} 33. Qa4 $2 {[#]} (33. Qxb6 $1 $11 {and White stays safe.} axb6 34. Rc7 Rxa2 35. Rg7+ Kf8 36. Rxh7+ Ke8 37. Ra7) 33... Bb5 $1 $19 34. Qb4 $2 {[#]} (34. Qa3 $17 Ne2 35. Rd1 (35. Rc8+ $2 Kf7 $19)) 34... Kf7 $2 ({Don't play} 34... Rxa2 35. Rc8+ Kf7 36. Rf8+ Ke6 37. Qe1 $17) (34... Ne2 $1 $19 {[%cal Re2c1]} 35. Qd2 (35. Rc8+ $2 Kf7 $19) 35... Nf4 36. Bxf4 Rxd2 37. Bxd2 Qf2) 35. Qc3 $1 $11 {Be3 is the strong threat.} Qc5 ({Stronger than} 35... Rxa2 36. Qc8 $18) 36. Qe3 Rc2 37. Rd1 (37. Rxc2 $15 Qxc2 38. Qd2) 37... Re2 $17 38. Rf1+ Ke6 39. Qg5 $2 {[%mdl 8192] [#]} (39. Rc1 $17 Qb4 40. a3) 39... Rxg2+ $1 $19 {[%mdl 512]} 40. Kxg2 Qc2+ $2 (40... Bxf1+ $19 41. Kf2 Qc2+ 42. Qd2 Qxe4 43. Kxf1 Qf3+ 44. Ke1 Qxh3) 41. Rf2 $14 Qxe4+ 42. Kg3 {aiming for Qf6+.} Qd3+ ({Of course not} 42... Qe1 $6 43. Qf6+ Kd5 44. Kh2 $16) 43. Qe3 Qd1 ({Black should try} 43... Ne2+ $14 44. Kh4 d5) 44. Qe2 $2 {[%mdl 8192]} (44. Rf8 $16) 44... Qh1 $2 (44... Qg1+ {mates} 45. Kh4 Nxe2 46. Rf6+ Kxf6 47. Bg5+ Kg7 48. Bf4 Qf2+ 49. Bg3 Nxg3 50. Kg5 Qf6#) 45. Qe3 $11 Bc6 46. Rh2 {[%mdl 32768] Precision: White = 27%, Black = 40%. . Loss on Time!?} 0-1

[Event "9th Beirut Open 2017"]
[Site "Beirut"]
[Date "2017.10.04"]
[Round "6"]
[White "Muhssen, Fared Saleh"]
[Black "Ward, Serge"]
[Result "1-0"]
[WhiteElo "1905"]
[BlackElo "1730"]
[Annotator "NA"]
[PlyCount "102"]
[EventDate "2017.??.??"]
[EventCountry "LBN"]
[SourceTitle "playchess.com"]
[Source "ChessBase"]
[SourceQuality "1"]
[TimeControl "5400+30"]

1. d4 Nf6 2. Nf3 d5 3. Bf4 Bf5 4. e3 e6 5. Nbd2 Bd6 6. Ne5 Nbd7 7. Be2 O-O 8. O-O Bxe5 9. dxe5 Ne4 10. Nxe4 Bxe4 11. f3 Bg6 12. c4 c6 13. Bd3 Qb6 14. Rf2 Nxe5 15. Bxe5 Qxe3 16. Bxg6 Qxe5 17. Re2 Qf6 18. Bc2 dxc4 19. Qe1 Rfd8 20. Qc3 Qxc3 21. bxc3 Rd6 22. Kf2 Rad8 23. f4 g6 24. g4 Kg7 25. a4 Rd2 26. a5 Rxe2+ 27. Kxe2 Rd7 28. Ra4 Rd5 29. Rb4 Rxa5 30. Rxb7 Ra1 31. Rb1 Ra2 32. Kd1 Ra3 33. Kd2 a5 34. Rb6 Ra1 35. Rxc6 Rh1 36. Bd1 Rxh2+ 37. Be2 h5 38. gxh5 gxh5 39. Rxc4 h4 40. Ra4 h3 41. Rxa5 Kg6 42. Ke3 Rg2 43. Bf3 Rg1 44. Rh5 Rc1 45. Kd3 Kf6 46. Rxh3 e5 47. fxe5+ Kxe5 48. Rh5+ Kf4 49. Bd5 f5 50. Be6 Rd1+ 51. Kc4 Ke3 1-0

[Event "9th Beirut Open 2017"]
[Site "Beirut"]
[Date "2017.10.04"]
[Round "6"]
[White "Ghassan, Houmsi"]
[Black "Berbari, Imad"]
[Result "1/2-1/2"]
[WhiteElo "1841"]
[BlackElo "1680"]
[Annotator "NA"]
[PlyCount "82"]
[EventDate "2017.??.??"]
[EventCountry "LBN"]
[SourceTitle "playchess.com"]
[Source "ChessBase"]
[SourceQuality "1"]
[TimeControl "5400+30"]

1. e4 g6 2. d4 Bg7 3. Nf3 c5 4. c3 cxd4 5. cxd4 d5 6. e5 Bg4 7. Nc3 Nc6 8. Bb5 e6 9. O-O Nge7 10. Bg5 O-O 11. Bxc6 bxc6 12. h3 Bxf3 13. Qxf3 Qc7 14. Bxe7 Qxe7 15. Qe3 Qb4 16. b3 c5 17. Rad1 cxd4 18. Rxd4 Qb6 19. Na4 Qa5 20. Rfd1 Rfc8 21. R4d2 Rab8 22. Re2 Qb5 23. Rde1 Rb7 24. g3 Rbc7 25. Kg2 a6 26. h4 h5 27. Rd2 Rc1 28. Rde2 Rxe1 29. Rxe1 Qc6 30. Kg1 Kh7 31. Qe2 Re8 32. Qe3 Bh6 33. Qe2 Rb8 34. Qf3 Qc7 35. Kg2 Rd8 36. a3 Kg8 37. b4 Bf8 38. Nc3 Rc8 39. Ne2 Re8 40. Rc1 Rc8 41. Rxc7 Rxc7 1/2-1/2

[Event "9th Beirut Open 2017"]
[Site "Beirut"]
[Date "2017.10.04"]
[Round "6"]
[White "Djikerian, Rafi"]
[Black "Lakhoyan, Hrag"]
[Result "1/2-1/2"]
[WhiteElo "1835"]
[BlackElo "1582"]
[Annotator "NA"]
[PlyCount "62"]
[EventDate "2017.??.??"]
[EventCountry "LBN"]
[SourceTitle "playchess.com"]
[Source "ChessBase"]
[SourceQuality "1"]
[TimeControl "5400+30"]

1. d4 Nf6 2. g3 d5 3. Bg2 c6 4. Nf3 Bf5 5. Bf4 e6 6. O-O Bd6 7. Ne5 Qc7 8. Nd3 Bxf4 9. Nxf4 Nbd7 10. Nd2 g5 11. Nh3 g4 12. Nf4 h5 13. Re1 O-O-O 14. c4 dxc4 15. e4 Bg6 16. Nxg6 fxg6 17. e5 Ne8 18. Nxc4 Nb6 19. Na5 Nd5 20. Nb3 Ng7 21. Rc1 Qb6 22. Be4 Nf5 23. Nc5 Nc7 24. Bxf5 gxf5 25. Qd2 h4 26. Rc4 hxg3 27. hxg3 Rh3 28. Re3 Qb5 29. Qc2 Rdh8 30. Kf1 Rh1+ 31. Ke2 R8h2 1/2-1/2

[Event "9th Beirut Open 2017"]
[Site "Beirut"]
[Date "2017.10.04"]
[Round "6"]
[White "Hanna, Elie"]
[Black "Elghazzawi, Omar"]
[Result "1-0"]
[WhiteElo "1778"]
[BlackElo "1332"]
[Annotator "NA"]
[PlyCount "67"]
[EventDate "2017.??.??"]
[EventCountry "LBN"]
[SourceTitle "playchess.com"]
[Source "ChessBase"]
[SourceQuality "1"]
[TimeControl "5400+30"]

1. e4 e5 2. Nf3 d6 3. d4 exd4 4. Nxd4 Nf6 5. Nc3 a6 6. Bg5 Be7 7. Bd3 b6 8. Qd2 O-O 9. f3 Bb7 10. Nf5 Nbd7 11. h4 h5 12. O-O-O g6 13. Nxe7+ Qxe7 14. Nd5 Bxd5 15. exd5 Qe8 16. Rde1 Qb8 17. g4 b5 18. gxh5 Nxh5 19. Bh6 Re8 20. Reg1 Ne5 21. Be4 Qd8 22. f4 Nc4 23. Qd3 Qf6 24. c3 Nxf4 25. Qf3 Nh5 26. Qxf6 Nxf6 27. Bxg6 fxg6 28. Rxg6+ Kh7 29. Rxf6 Re7 30. Bg5 Rg7 31. Rh6+ Kg8 32. Bf6 Re8 33. Bxg7 Kxg7 34. Re6 1-0

[Event "9th Beirut Open 2017"]
[Site "Beirut"]
[Date "2017.10.04"]
[Round "6"]
[White "Ghnatios, Ralph"]
[Black "Ammoun, Hani"]
[Result "1/2-1/2"]
[WhiteElo "1764"]
[BlackElo "2109"]
[Annotator "TA"]
[PlyCount "68"]
[EventDate "2017.??.??"]
[EventCountry "LBN"]
[SourceTitle "playchess.com"]
[Source "ChessBase"]
[SourceQuality "1"]

{[%evp 9,68,32,55,10,19,7,36,35,79,57,77,75,68,47,87,77,81,77,62,29,39,44,33,16,35,45,63,67,64,36,127,60,72,62,61,27,20,20,24,17,33,22,27,-52,-15,-41,127,-8,277,294,293,276,212,0,0,0,0,0,0,0,0]} 1. e4 e6 2. d4 d5 3. Nc3 dxe4 4. Nxe4 Nf6 5. Bd3 Be7 {LiveBook: 58 Partien} (5... Nbd7 6. Nf3 Be7 7. Qe2 c5 8. Nxf6+ Nxf6 9. dxc5 Qa5+ 10. Bd2 Qxc5 11. O-O-O O-O 12. g4 b6 13. g5 Nd5 14. Ne5 Nb4 15. Bxb4 Qxb4 16. Rhg1 g6 17. h4 {½-½ (67) Rublevsky,S (2688)-Wang,H (2724) Ningbo 2010}) 6. Bf4 {C10: Französische Verteidigung (Rubinstein-Variante)} Nbd7 (6... Nd5 {with more complications.} 7. Bd2 f5 8. Nc3 Nb4 9. Be2 Qxd4 10. a3 Nd5) 7. Nxf6+ Nxf6 8. Nf3 {Weiß steht etwas besser.} c6 9. Qe2 Qa5+ 10. c3 $146 O-O 11. Ne5 c5 12. dxc5 Qxc5 13. O-O Rd8 14. Rfe1 Bd7 15. Rad1 Be8 16. g4 g6 17. h4 Nd5 18. Bg3 $1 Bf8 19. g5 b5 (19... Bg7 $14) 20. h5 (20. Ng4 $16) 20... Bg7 $14 21. hxg6 hxg6 22. Ng4 Qe7 23. Qd2 Rac8 24. Be5 Bc6 $1 25. Bxg7 Kxg7 26. Re5 ({Günstiger ist} 26. Bf1 $11) 26... Rh8 {Weiss muss nun ...Sxc3! beachten.} 27. Be4 {Und weiter mit Dd4 wäre nett.} Qc7 $2 (27... Rcd8 $15 {behält die Oberhand.} 28. Re1 Rh4) 28. Bxd5 ({Besser ist} 28. Qd4 $16 Rh4 29. Rxd5+ (29. Bxd5 Rxg4+ 30. Qxg4 Qxe5 $11) 29... Kf8 30. Rd8+ Qxd8 31. Qxd8+ Rxd8 32. Rxd8+ Ke7 33. Ne5 Bxe4 34. Rd7+ Ke8 35. f3) 28... Bxd5 $4 {[%mdl 8192]} (28... Rh4 $11 29. Qd4 Rxg4+ 30. Qxg4 Qxe5 31. Bxc6 Rxc6) 29. Rxd5 $18 exd5 30. Qd4+ Kg8 {[#]} 31. Nf6+ $2 (31. Nh6+ $1 $18 Kh7 32. Rd3) 31... Kf8 $11 {[#] Droht ...Dh2+.Die Stellung ist ausgeglichen.} 32. Nd7+ $1 {[%mdl 512]} Kg8 (32... Qxd7 33. Qxh8+) 33. Nf6+ Kf8 {[#] und nun wäre ...Dh2+ stark für Schwarz.} 34. Nd7+ $1 {[%mdl 512]} Kg8 {Precision: Weiß = 30%, Schwarz = 43%.} (34... Qxd7 35. Qxh8+) 1/2-1/2

[Event "9th Beirut Open 2017"]
[Site "Beirut"]
[Date "2017.10.04"]
[Round "6"]
[White "Abdo, Moussa"]
[Black "Toufayli, Adnan"]
[Result "1-0"]
[WhiteElo "1753"]
[BlackElo "1509"]
[Annotator "NA"]
[PlyCount "118"]
[EventDate "2017.??.??"]
[EventCountry "LBN"]
[SourceTitle "playchess.com"]
[Source "ChessBase"]
[SourceQuality "1"]
[TimeControl "5400+30"]

1. e4 e5 2. Nf3 Nc6 3. d4 exd4 4. Nxd4 Qf6 5. Be3 Bc5 6. c3 Bb6 7. Bc4 Nge7 8. O-O Ne5 9. Be2 a6 10. f4 N5c6 11. e5 Qh6 12. Rf3 d5 13. f5 g5 14. Rh3 Qf8 15. e6 Nxd4 16. exf7+ Kd8 17. Bxd4 Bxf5 18. Re3 Qxf7 19. Bxb6 cxb6 20. Qd4 Kc7 21. Qe5+ Kd7 22. Nd2 Rae8 23. Rf1 Qg6 24. Ref3 Rhf8 25. g4 Nc6 26. Qxd5+ Qd6 27. Qxd6+ Kxd6 28. Nc4+ Kc7 29. Bd1 Re4 30. Rxf5 Rxf5 31. Rxf5 Rxc4 32. Rxg5 Re4 33. Kf2 Ne5 34. Rg7+ Kc6 35. h3 h6 36. Bf3 Nxf3 37. Kxf3 Re6 38. Rf7 a5 39. h4 Re1 40. Kg2 Re2+ 41. Rf2 Re4 42. Kf3 Re6 43. g5 h5 44. Rg2 Re8 45. Kf4 Rf8+ 46. Ke5 Kd7 47. g6 Ke7 48. Rg5 Rg8 49. g7 Kf7 50. Kf5 a4 51. a3 b5 52. Kf4 Kf6 53. Rxb5 Rxg7 54. Rb4 Rh7 55. Kg3 Rg7+ 56. Kh3 Rg1 57. Rxa4 Ke5 58. Rb4 Ke6 59. Kh2 Rg8 1-0

[Event "9th Beirut Open 2017"]
[Site "Beirut"]
[Date "2017.10.04"]
[Round "6"]
[White "Saeed, Riad"]
[Black "Habash, Mohamad"]
[Result "1/2-1/2"]
[WhiteElo "1685"]
[BlackElo "1834"]
[Annotator "NA"]
[PlyCount "56"]
[EventDate "2017.??.??"]
[EventCountry "LBN"]
[SourceTitle "playchess.com"]
[Source "ChessBase"]
[SourceQuality "1"]
[TimeControl "5400+30"]

1. e4 c5 2. Nf3 g6 3. c3 Bg7 4. Bd3 Nf6 5. Bc2 d5 6. exd5 Nxd5 7. O-O O-O 8. d4 cxd4 9. Nxd4 a6 10. Bb3 Nf6 11. Re1 Qc7 12. h3 b5 13. Qe2 e6 14. a4 b4 15. cxb4 Bb7 16. Qc4 Qd7 17. Be3 Rc8 18. Qe2 Ne4 19. Rd1 Qe7 20. b5 Qb4 21. Qe1 Qxe1+ 22. Rxe1 Bxd4 23. Bxd4 axb5 24. Nc3 Nd2 25. Nxb5 Ba6 26. Be3 Bxb5 27. Bxd2 Bc4 28. Rac1 Bd5 1/2-1/2

[Event "9th Beirut Open 2017"]
[Site "Beirut"]
[Date "2017.10.04"]
[Round "6"]
[White "Tarraf, Tarraf"]
[Black "Eid, Wissam"]
[Result "1-0"]
[WhiteElo "1653"]
[BlackElo "1531"]
[Annotator "NA"]
[PlyCount "77"]
[EventDate "2017.??.??"]
[EventCountry "LBN"]
[SourceTitle "playchess.com"]
[Source "ChessBase"]
[SourceQuality "1"]
[TimeControl "5400+30"]

1. c4 e6 2. g3 c6 3. Bg2 Nf6 4. Nf3 d5 5. cxd5 exd5 6. d4 Be7 7. Nc3 O-O 8. O-O Bf5 9. Nh4 Be6 10. Qc2 Ng4 11. Nf3 Nd7 12. h3 Ngf6 13. Ng5 h6 14. Nxe6 fxe6 15. e4 Nh7 16. Qe2 Bg5 17. f4 Be7 18. Kh2 Nb6 19. b3 Qd7 20. e5 Rac8 21. a4 c5 22. a5 Na8 23. Nb5 a6 24. Nd6 Bxd6 25. exd6 cxd4 26. Ba3 Rc3 27. Qe5 Rxb3 28. Qxd4 Nf6 29. Rfb1 Rb5 30. Bb4 Ne4 31. Bf1 Rf5 32. Bxb5 axb5 33. a6 b6 34. Re1 Nxd6 35. Bxd6 Qxd6 36. Rac1 Qd7 37. Rc2 Rh5 38. g4 e5 39. Rxe5 1-0

[Event "9th Beirut Open 2017"]
[Site "Beirut"]
[Date "2017.10.04"]
[Round "6"]
[White "Kassas, Mohamad"]
[Black "Sharbel, Marwan"]
[Result "0-1"]
[WhiteElo "1633"]
[BlackElo "1995"]
[Annotator "NA RC"]
[PlyCount "87"]
[EventDate "2017.??.??"]
[EventCountry "LBN"]
[SourceTitle "playchess.com"]
[Source "ChessBase"]
[SourceQuality "1"]
[TimeControl "5400+30"]

1. d4 d5 2. c4 e6 3. Nc3 c6 4. Bf4 dxc4 5. e4 b5 6. Nf3 Bb4 7. Be2 Nf6 8. Bg5 Bxc3+ 9. bxc3 Qa5 10. Qc2 Nxe4 11. Bd2 Nxd2 12. Nxd2 O-O 13. O-O Nd7 14. Ne4 Qc7 15. Bf3 h6 16. Qd2 Bb7 17. Rab1 Rfd8 18. Qe3 e5 19. Rfd1 exd4 20. Rxd4 c5 21. Rdd1 Bxe4 22. Bxe4 Rab8 23. Bc2 a6 24. Qe4 Nf6 25. Rxd8+ Rxd8 26. Qe3 Ng4 27. Qe4 Qxh2+ 28. Kf1 Nf6 29. Qc6 Qd6 30. Qxd6 Rxd6 31. a4 Rb6 32. Ke1 b4 33. Kd2 Rd6+ 34. Kc1 a5 35. Rb2 Nd5 36. cxb4 cxb4 37. Bd1 Nf4 38. Rd2 Rxd2 39. Kxd2 Nxg2 40. Be2 c3+ 41. Kc2 Nf4 42. Bc4 Kf8 43. Bb5 Ke7 44. Kb3 0-1

[Event "9th Beirut Open 2017"]
[Site "Beirut"]
[Date "2017.10.04"]
[Round "6"]
[White "Farhat, Jawad"]
[Black "Saad, Charbel"]
[Result "1-0"]
[WhiteElo "1592"]
[BlackElo "1795"]
[Annotator "NA"]
[PlyCount "52"]
[EventDate "2017.??.??"]
[EventCountry "LBN"]
[SourceTitle "playchess.com"]
[Source "ChessBase"]
[SourceQuality "1"]
[TimeControl "5400+30"]

1. d4 Nf6 2. c4 e6 3. Nc3 c5 4. e3 g6 5. Nf3 Bg7 6. Qc2 cxd4 7. exd4 O-O 8. Bg5 Qb6 9. Bd3 Nc6 10. c5 Qb4 11. a3 Qa5 12. O-O a6 13. b4 Qc7 14. Rad1 b5 15. Rfe1 Ne7 16. Ne4 Nfd5 17. Nd6 Bb7 18. Bh4 f5 19. Bxe7 Nxe7 20. Ne5 Bd5 21. f4 Nc8 22. Nxc8 Raxc8 23. Qd2 d6 24. cxd6 Qxd6 25. Rc1 Bb7 26. Bb1 Rfd8 1-0

[Event "9th Beirut Open 2017"]
[Site "Beirut"]
[Date "2017.10.04"]
[Round "6"]
[White "Khoder, Akram"]
[Black "Zeidan, Mohammad"]
[Result "0-1"]
[WhiteElo "1547"]
[BlackElo "1988"]
[Annotator "NA"]
[PlyCount "78"]
[EventDate "2017.??.??"]
[EventCountry "LBN"]
[SourceTitle "playchess.com"]
[Source "ChessBase"]
[SourceQuality "1"]
[TimeControl "5400+30"]

1. d4 d5 2. Nf3 Nf6 3. Nc3 c6 4. Bg5 Bf5 5. e3 Nbd7 6. Bd3 Bxd3 7. Qxd3 e6 8. O-O Bd6 9. e4 dxe4 10. Nxe4 Be7 11. Rfe1 O-O 12. Bxf6 Nxf6 13. Nfg5 Nxe4 14. Nxe4 Qd5 15. c4 Qf5 16. Qg3 Rad8 17. Rad1 Rd7 18. Qe5 Qxe5 19. dxe5 Rfd8 20. Nc3 Bc5 21. Rxd7 Rxd7 22. Rd1 Rxd1+ 23. Nxd1 Bd4 24. b3 Bxe5 25. Kf1 Bd4 26. Ke2 f5 27. f4 Kf7 28. Kd3 c5 29. Nc3 Bxc3 30. Kxc3 e5 31. fxe5 Ke6 32. Kd3 Kxe5 33. g3 g5 34. Ke3 h5 35. h3 g4 36. h4 a5 37. a3 f4+ 38. gxf4+ Kf5 39. a4 b6 0-1

[Event "9th Beirut Open 2017"]
[Site "Beirut"]
[Date "2017.10.04"]
[Round "6"]
[White "Khallouf, Abdallah"]
[Black "Shamieh, Jamal"]
[Result "0-1"]
[WhiteElo "1530"]
[BlackElo "2046"]
[Annotator "NA RC"]
[PlyCount "136"]
[EventDate "2017.??.??"]
[EventCountry "LBN"]
[SourceTitle "playchess.com"]
[Source "ChessBase"]
[SourceQuality "1"]
[TimeControl "5400+30"]

1. c4 e6 2. g3 d5 3. cxd5 exd5 4. d4 c6 5. Bg2 Bf5 6. Nf3 Be7 7. O-O h6 8. Qb3 Qc7 9. Nfd2 Nf6 10. Nc3 O-O 11. e4 dxe4 12. Ndxe4 Nxe4 13. Nxe4 Be6 14. Qe3 Na6 15. Nc3 Nb4 16. Qe2 Rfe8 17. a3 Nd5 18. Nxd5 Bxd5 19. Bxd5 cxd5 20. Qb5 Qc6 21. Qxc6 bxc6 22. Be3 Rec8 23. Rfc1 Kf8 24. b4 Rab8 25. Rab1 a6 26. Kf1 Ke8 27. Ke2 Kd7 28. Kd3 Rb6 29. Bd2 Rcb8 30. Rb2 h5 31. Rcb1 g5 32. f3 g4 33. fxg4 hxg4 34. Rf1 f6 35. Bf4 Rh8 36. Re2 a5 37. Rfe1 Rh7 38. Bd2 axb4 39. Bxb4 Bxb4 40. axb4 Rxb4 41. Ra1 Rb7 42. Ra8 Re7 43. Rxe7+ Kxe7 44. Rg8 Rb3+ 45. Kc2 Rf3 46. Rxg4 Rf2+ 47. Kd3 Rxh2 48. Ke3 Ra2 49. Kf4 Ke6 50. Rg8 Rf2+ 51. Ke3 Rc2 52. g4 Rc3+ 53. Kd2 Rg3 54. Ke2 Ke7 55. Rg7+ Ke6 56. Rg8 Kf7 57. Rc8 Rxg4 58. Rc7+ Kg6 59. Rxc6 Rxd4 60. Rd6 Kf5 61. Ke3 Re4+ 62. Kf3 Ke5 63. Rd8 Ra4 64. Rh8 Ra3+ 65. Ke2 f5 66. Rh4 f4 67. Kf2 Ke4 68. Ke2 Ra2+ 0-1

[Event "9th Beirut Open 2017"]
[Site "Beirut"]
[Date "2017.10.04"]
[Round "6"]
[White "Fakhoury, Dory"]
[Black "Fawaz, Kassem"]
[Result "1-0"]
[WhiteElo "1402"]
[BlackElo "1719"]
[Annotator "NA"]
[PlyCount "35"]
[EventDate "2017.??.??"]
[EventCountry "LBN"]
[SourceTitle "playchess.com"]
[Source "ChessBase"]
[SourceQuality "1"]
[TimeControl "5400+30"]

1. e4 c5 2. d4 cxd4 3. c3 dxc3 4. Nxc3 Nc6 5. Bc4 e6 6. Nf3 a6 7. e5 Bc5 8. Ne4 Qb6 9. O-O f5 10. exf6 Nxf6 11. Nxf6+ gxf6 12. Nh4 Qd8 13. Qh5+ Ke7 14. Qxc5+ d6 15. Qh5 b5 16. Re1 Ne5 17. Nf5+ exf5 18. Qf7# 1-0

[Event "9th Beirut Open 2017"]
[Site "Beirut"]
[Date "2017.10.04"]
[Round "6"]
[White "Arcadan, Adib"]
[Black "Moughames, Ronald"]
[Result "0-1"]
[WhiteElo "1346"]
[BlackElo "1769"]
[Annotator "NA"]
[PlyCount "60"]
[EventDate "2017.??.??"]
[EventCountry "LBN"]
[SourceTitle "playchess.com"]
[Source "ChessBase"]
[SourceQuality "1"]
[TimeControl "5400+30"]

1. d4 Nf6 2. c4 g6 3. Nc3 Bg7 4. e4 d6 5. f3 O-O 6. Be3 Nfd7 7. Nge2 c5 8. d5 Qa5 9. a3 a6 10. Rc1 b5 11. cxb5 axb5 12. Bd2 b4 13. axb4 cxb4 14. Nb1 Bxb2 15. Rc4 Ne5 16. Bxb4 Qb5 17. Nd4 Qb6 18. Qd2 Nxc4 19. Bxc4 Qxd4 20. Qxd4 Bxd4 21. h4 Ba6 22. Be2 Rc8 23. Bd2 Rc2 24. h5 Rb2 25. Nc3 Bxc3 26. Bxc3 Rxe2+ 27. Kd1 g5 28. g3 Bd3 29. f4 Ra3 30. Bd4 Rb3 0-1

[Event "9th Beirut Open 2017"]
[Site "Beirut"]
[Date "2017.10.04"]
[Round "6"]
[White "El Jawich, Muhammad"]
[Black "Iaali, Abdelrahman"]
[Result "1/2-1/2"]
[WhiteElo "1245"]
[BlackElo "1670"]
[Annotator "NA"]
[PlyCount "133"]
[EventDate "2017.??.??"]
[EventCountry "LBN"]
[SourceTitle "playchess.com"]
[Source "ChessBase"]
[SourceQuality "1"]
[TimeControl "5400+30"]

1. e4 c5 2. Nf3 Nc6 3. c3 d6 4. Bb5 Nf6 5. Qc2 Bd7 6. O-O a6 7. Bxc6 Bxc6 8. d3 c4 9. Nbd2 cxd3 10. Qxd3 Rc8 11. Nd4 Bd7 12. c4 g6 13. b3 Bg7 14. Bb2 O-O 15. Rac1 Ng4 16. f4 e5 17. h3 exd4 18. hxg4 Bxg4 19. Bxd4 Bxd4+ 20. Qxd4 h5 21. Nf3 Qa5 22. Qb2 Qc5+ 23. Qd4 Qxd4+ 24. Nxd4 Kg7 25. Kf2 Rfe8 26. Rfe1 Rc7 27. Ke3 Rce7 28. Kd3 f5 29. c5 dxc5 30. Rxc5 fxe4+ 31. Ke3 Rd8 32. Rec1 Red7 33. Rc7 Bf5 34. Rxd7+ Rxd7 35. Rd1 Kf6 36. g3 Rc7 37. Nxf5 gxf5 38. Rd6+ Kg7 39. Kd2 Kg8 40. Rd5 Rf7 41. Ke3 Kg7 42. Rd6 Rf6 43. Rd7+ Rf7 44. Rd6 Kh7 45. Kd4 Rg7 46. Rf6 Rxg3 47. Rxf5 Kg6 48. Re5 h4 49. Rxe4 h3 50. Re1 h2 51. Rh1 Rh3 52. Ke4 Kf6 53. Kd5 Kf5 54. Kc5 Kxf4 55. Kb6 Kg3 56. Kxb7 Kg2 57. Rxh2+ Kxh2 58. Kxa6 Re3 59. a4 Rxb3 60. a5 Kg3 61. Ka7 Kf4 62. a6 Ke5 63. Ka8 Kd6 64. a7 Rf3 65. Kb7 Rf7+ 66. Kb8 Rxa7 67. Kxa7 1/2-1/2